| 000 | 00402nam a2200157Ia 4500 | ||
|---|---|---|---|
| 100 | _aCIMI-D.G.T.Z | ||
| 650 | _aAutomobiles | ||
| 942 | _cBK | ||
| 654 | _aMechanic Motor Vehicle 2nd Year Trade Theory | ||
| 245 | _aMechanic Motor Vehicle 2nd Year Trade Theory | ||
| 260 |
_bPrism Books Pvt.Ltd-CIMI _aBangalore _c1998 |
||
| 082 |
_a629.2 _bCIMI |
||
| 300 | _a105 | ||
| 546 | _aENGLISH | ||
| 999 |
_c34148 _d34148 |
||